000 00350nam a2200133Ia 4500
008 240624s9999 xx 000 0 und d
041 _aeng
082 _a330.1 ARE
100 _aARESTIS PHILIP
245 _aNEW ECONOMICS AS MAINSTREAM ECONOMICS
260 _c2011
_aNew York
_bPalgrave Macmillan
300 _axi, 239 p.; 23 cm.
365 _cERU
_b33
999 _c32354
_d32354